[Event "16th EUR-ch"]
[Site "Jerusalem ISR"]
[Date "2015.02.25"]
[Round "2"]
[White "Gamayev, Oleg"]
[Black "Cohen Revivo, Shoham"]
[Result "1-0"]
[WhiteElo "2204"]
[BlackElo "1838"]
[EventDate "2015.02.24"]
[PlyCount "155"]

1.e4 e6 2.d3 d5 3.Nf3 Nc6 4.Be2 Nf6 5.Nbd2 dxe4 6.Nxe4 Nxe4 7.dxe4 Qxd1+ 
8.Bxd1 e5 9.c3 f6 10.Nd2 Be6 11.Bb3 Bxb3 12.Nxb3 O-O-O 13.Ke2 a5 14.a4 g6 
15.Bd2 b6 16.Rhd1 h5 17.f3 Bh6 18.Be1 Rxd1 19.Rxd1 Rd8 20.Na1 Rxd1 21.Kxd1
Nd8 22.Nc2 Ne6 23.Bf2 Bf8 24.Ne1 Bc5 25.Bg3 Bd6 26.Nd3 Nc5 27.Nxc5 Bxc5 
28.Kc2 Kd7 29.Kd3 Kc6 30.Kc4 Be3 31.h3 Bg1 32.Bh4 g5 33.Bg3 h4 34.Be1 Bh2 
35.Bf2 Bf4 36.b4 Bg3 37.Bg1 Be1 38.Be3 Kd7 39.bxa5 bxa5 40.Bc5 Bd2 41.Ba3 
Be1 42.Bb2 Kc6 43.Bc1 Kd7 44.Kd3 Ke6 45.Bb2 Kd7 46.Ke2 Bg3 47.c4 Kc6 48.
Bc3 Kb6 49.c5+ Ka6 50.c6 Kb6 51.Kd3 Kxc6 52.Bxa5 Bf2 53.Kc4 Kd6 54.Bb4+ c5
55.Ba5 Be3 56.Bd8 Ke6 57.a5 Kd6 58.Bxf6 Bf4 59.Kb5 Be3 60.Bd8 c4 61.Kxc4 
Kc6 62.Bb6 Bd2 63.Kd3 Be1 64.Bd8 Kb5 65.Bxg5 Kxa5 66.Kc4 Ka4 67.Bf6 Bg3 
68.Kd5 Kb3 69.Bxe5 Be1 70.Bf6 Kc2 71.e5 Bb4 72.Bxh4 Kd3 73.e6 Ke2 74.e7 
Bxe7 75.Bxe7 Kf2 76.f4 Kxg2 77.f5 Kxh3 78.f6 1-0

[Event "16th EUR-ch"]
[Site "Jerusalem ISR"]
[Date "2015.02.25"]
[Round "2"]
[White "Chachashvili, Zuri"]
[Black "Katzir, Moshe"]
[Result "0-1"]
[WhiteElo "1818"]
[BlackElo "2196"]
[EventDate "2015.02.24"]
[PlyCount "80"]

1.e4 c5 2.Nf3 e6 3.d4 cxd4 4.Nxd4 a6 5.Bd3 Nf6 6.Nc3 Qc7 7.Be3 Bb4 8.O-O 
d6 9.Nb3 Bxc3 10.bxc3 Qxc3 11.f4 Nbd7 12.Qe2 Qc7 13.e5 dxe5 14.fxe5 Qxe5 
15.Qd2 O-O 16.Rae1 Qc7 17.Bg5 Ng4 18.Bf4 Qb6+ 19.Kh1 e5 20.Bg3 Qh6 21.Qe2 
Ndf6 22.Kg1 Re8 23.Qf3 Bd7 24.Nc5 Bc6 25.Ne4 Kh8 26.h3 Nxe4 27.Bxe4 Bxe4 
28.Rxe4 f5 29.Qxf5 Ne3 30.Qd7 Nxf1 31.Kxf1 Qf6+ 32.Kg1 Re7 33.Qd5 Rf8 34.
Bxe5 Qc6 35.Qd4 Rfe8 36.Rf4 Qd7 37.Qf2 h6 38.Rf8+ Rxf8 39.Qxf8+ Kh7 40.Bg3
Qd4+ 0-1

[Event "16th EUR-ch"]
[Site "Jerusalem ISR"]
[Date "2015.02.25"]
[Round "2"]
[White "Kraus, Ohad"]
[Black "Or, Yochanan"]
[Result "1-0"]
[WhiteElo "2190"]
[BlackElo "1822"]
[EventDate "2015.02.24"]
[PlyCount "71"]

1.d4 d5 2.c4 Nf6 3.Nf3 e6 4.g3 Be7 5.Bg2 Nbd7 6.O-O h6 7.Nc3 O-O 8.Ne5 c6 
9.f4 Qc7 10.Qc2 a6 11.cxd5 cxd5 12.Bd2 b5 13.Rac1 Qb6 14.Qd3 Bb7 15.Kh1 
Rac8 16.a3 Rc7 17.g4 Nxe5 18.fxe5 Nxg4 19.h3 Nxe5 20.dxe5 Rc4 21.Qg3 Kh8 
22.Bf3 Bh4 23.Qh2 Qd8 24.Rg1 f5 25.b3 Rc7 26.Rg6 Rcf7 27.Bf4 d4 28.Nb1 
Bxf3+ 29.exf3 Kh7 30.Rcg1 Rc7 31.Qg2 Rff7 32.Bxh6 f4 33.Bxf4 Qf8 34.Qg4 
Rxf4 35.Qh5+ Kg8 36.Rh6 1-0

[Event "16th EUR-ch"]
[Site "Jerusalem ISR"]
[Date "2015.02.25"]
[Round "2"]
[White "Feldman, Antony"]
[Black "Chuvnik, Mordechai"]
[Result "0-1"]
[WhiteElo "1807"]
[BlackElo "2189"]
[EventDate "2015.02.24"]
[PlyCount "84"]

1.g3 d5 2.Bg2 c6 3.Nf3 Bg4 4.O-O e6 5.d3 Nd7 6.h3 Bxf3 7.Bxf3 Ngf6 8.Nc3 
Bb4 9.a3 Bxc3 10.bxc3 O-O 11.Rb1 Qc7 12.Bg2 h6 13.Bd2 Nh7 14.Qc1 f5 15.Qb2
Rab8 16.c4 dxc4 17.Qa2 e5 18.Qxc4+ Kh8 19.d4 Rbe8 20.dxe5 Nxe5 21.Qc3 Nf6 
22.Bf4 Rf7 23.Rfd1 Nh5 24.Be3 f4 25.Bxa7 fxg3 26.Be3 gxf2+ 27.Bxf2 Nf4 28.
Bf1 Re6 29.Qd4 Rg6+ 30.Kh1 Ne6 31.Qb6 Qe7 32.Bg2 c5 33.Bg1 Nd4 34.Qxb7 Qg5
35.Qa8+ Kh7 36.Bxd4 cxd4 37.Be4 Qe3 38.Bxg6+ Nxg6 39.Rd3 Qxe2 40.Qg2 Rf2 
41.Qg3 Nh4 42.Rdb3 Qe4+ 0-1

[Event "16th EUR-ch"]
[Site "Jerusalem ISR"]
[Date "2015.02.25"]
[Round "2"]
[White "Hasidovsky, Michael"]
[Black "Iliaguev, Daniel"]
[Result "1-0"]
[WhiteElo "2187"]
[BlackElo "1813"]
[EventDate "2015.02.24"]
[PlyCount "56"]

1.Nf3 Nf6 2.c4 g6 3.Nc3 c5 4.e4 Nc6 5.d4 cxd4 6.Nxd4 d6 7.Be2 Bg7 8.Be3 
Bd7 9.Qd2 Rc8 10.b3 Qa5 11.f3 h5 12.Rc1 a6 13.O-O O-O 14.Nxc6 bxc6 15.c5 
Be6 16.Nd5 Qd8 17.Nb6 Rb8 18.cxd6 exd6 19.Rxc6 d5 20.e5 Nd7 21.Nxd7 Qxd7 
22.Rd6 Qe7 23.f4 f6 24.Bf3 fxe5 25.fxe5 Kh8 26.Bd4 Ra8 27.Rc1 Rfd8 28.Rcc6
Bg8 1-0

[Event "16th EUR-ch"]
[Site "Jerusalem ISR"]
[Date "2015.02.25"]
[Round "2"]
[White "Gabizon, Eyal"]
[Black "Slonimskij, Arkadij"]
[Result "1-0"]
[WhiteElo "1760"]
[BlackElo "2176"]
[EventDate "2015.02.24"]
[PlyCount "169"]

1.d4 Nf6 2.c4 e6 3.Nc3 Bb4 4.e3 d5 5.cxd5 exd5 6.Bd3 O-O 7.Ne2 c6 8.O-O 
Re8 9.a3 Bd6 10.f3 c5 11.Nb5 Bf8 12.dxc5 Bxc5 13.Nbd4 Nc6 14.b4 Bd6 15.Qd2
Ne5 16.Ng3 Bd7 17.Re1 Rc8 18.Bb2 g6 19.Rac1 Bf8 20.Rxc8 Bxc8 21.Rc1 Bh6 
22.f4 Nxd3 23.Qxd3 Qe7 24.Qc3 Bg7 25.a4 Bd7 26.b5 Rc8 27.Qb3 Ng4 28.Rxc8+ 
Bxc8 29.Nf1 Qc5 30.h3 Nf6 31.Ba3 Qc4 32.Nd2 Qxb3 33.N2xb3 Ne4 34.a5 Bf8 
35.Bxf8 Kxf8 36.Kh2 Nd6 37.Nc5 Nc4 38.a6 b6 39.Na4 Bd7 40.Kg3 Ke7 41.Kf2 
Kd6 42.g4 Na3 43.Nxb6 Nxb5 44.Nxd7 Nxd4 45.Ne5 Nc6 46.Nxf7+ Ke7 47.Ng5 h6 
48.Nf3 Nb4 49.Nd4 Nxa6 50.Nc6+ Kd7 51.Nxa7 Nc7 52.Kf3 Kd6 53.Nc8+ Ke6 54.
h4 Na8 55.Ke2 Kd7 56.Na7 Nc7 57.Kd3 Kd6 58.Nc8+ Kd7 59.Nb6+ Kc6 60.Na4 Kd6
61.Nc3 Ne6 62.Nb5+ Ke7 63.Nd4 Nc5+ 64.Ke2 Ne4 65.Nc6+ Kf6 66.g5+ hxg5 67.
hxg5+ Ke6 68.Nd4+ Ke7 69.Nf3 Ke6 70.Nh4 Kf7 71.Kd3 Ng3 72.Kd4 Nf1 73.Nf3 
Ke6 74.Ne5 Kf5 75.Nc6 Ke6 76.Nb4 Nd2 77.Nxd5 Nb3+ 78.Kc3 Kxd5 79.Kxb3 Ke4 
80.Kc2 Kxe3 81.f5 gxf5 82.g6 f4 83.g7 f3 84.g8=Q f2 85.Qc4 1-0

[Event "16th EUR-ch"]
[Site "Jerusalem ISR"]
[Date "2015.02.25"]
[Round "2"]
[White "Ciobanu, Camelia-Adriana"]
[Black "Vaturi, Eden"]
[Result "1/2-1/2"]
[WhiteElo "2152"]
[BlackElo "1798"]
[EventDate "2015.02.24"]
[PlyCount "126"]

1.f4 g6 2.Nf3 Bg7 3.e4 d6 4.Nc3 Nf6 5.d4 O-O 6.Bd3 c5 7.d5 a6 8.a4 e6 9.
O-O exd5 10.exd5 Re8 11.f5 Nbd7 12.fxg6 hxg6 13.Kh1 Qc7 14.Bf4 Nh5 15.Bg5 
Ne5 16.Nxe5 Rxe5 17.Qd2 Bg4 18.Bh4 Kh7 19.h3 Bh6 20.Qf2 Bf5 21.g4 Bxd3 22.
cxd3 Nf4 23.Bf6 Nxd3 24.Qh4 g5 25.Qh5 Rg8 26.Bxe5 Nxe5 27.Ne4 Rg6 28.Rf6 
Qe7 29.Nxg5+ Kg7 30.Ne6+ fxe6 31.Rxg6+ Nxg6 32.g5 Qxg5 33.Qxg5 Bxg5 34.Rg1
Be7 35.dxe6 Kf6 36.Kg2 Nf4+ 37.Kh2 Kxe6 38.Rg8 Nd3 39.b3 d5 40.Rg6+ Kd7 
41.Rh6 Bd6+ 42.Kg2 Nc1 43.h4 Nxb3 44.h5 Nd4 45.Kf2 Nf5 46.Rf6 Ne7 47.Kf3 
c4 48.h6 Be5 49.Rb6 Nc8 50.Rxb7+ Kc6 51.Rf7 Kc5 52.h7 Nd6 53.Rf8 c3 54.Ke2
Kc4 55.h8=Q Bxh8 56.Rxh8 a5 57.Kd1 d4 58.Rh5 Nb7 59.Rb5 Nc5 60.Rxa5 Nb3 
61.Rh5 Kb4 62.Kc2 Kxa4 63.Rh1 Kb4 1/2-1/2

[Event "16th EUR-ch"]
[Site "Jerusalem ISR"]
[Date "2015.02.25"]
[Round "2"]
[White "Gorodetzky, Matan"]
[Black "Kunin, Michael"]
[Result "0-1"]
[WhiteElo "1733"]
[BlackElo "2147"]
[EventDate "2015.02.24"]
[PlyCount "54"]

1.e4 c5 2.c3 e6 3.d4 d5 4.exd5 exd5 5.Nf3 Bd6 6.Be3 Qb6 7.dxc5 Bxc5 8.Bxc5
Qxc5 9.Qd4 Qe7+ 10.Be2 Nf6 11.O-O O-O 12.Re1 Nc6 13.Qh4 Qc7 14.Na3 Qb6 15.
Rab1 Bf5 16.Rbd1 Qxb2 17.Nb5 Qxa2 18.Qf4 Bg6 19.Ra1 Qb2 20.Qc7 Rae8 21.Bf1
Ne4 22.Qxb7 Qxf2+ 23.Kh1 Qc5 24.Nfd4 Nxd4 25.cxd4 Qb4 26.Be2 Nc3 27.Bf1 
Rxe1 0-1

[Event "16th EUR-ch"]
[Site "Jerusalem ISR"]
[Date "2015.02.25"]
[Round "2"]
[White "Shtivelband, Vladimir"]
[Black "Samarin, Leonid"]
[Result "1/2-1/2"]
[WhiteElo "2141"]
[BlackElo "1748"]
[EventDate "2015.02.24"]
[PlyCount "96"]

1.d4 d5 2.c4 Nf6 3.cxd5 Nxd5 4.e4 Nb6 5.Nc3 g6 6.h4 h5 7.Be2 Nc6 8.Nf3 Bg7
9.d5 Ne5 10.Bf4 Nxf3+ 11.Bxf3 e5 12.dxe6 Bxe6 13.Qxd8+ Kxd8 14.O-O-O+ Kc8 
15.Nb5 Bh6 16.Bxh6 Rxh6 17.b3 a6 18.Nd4 Nd7 19.Rd2 Ne5 20.Rhd1 Bd7 21.Be2 
Rh8 22.Nf3 Nxf3 23.Rxd7 Ne5 24.Re7 f6 25.Rg7 b6 26.f4 Ng4 27.Rdd7 Ra7 28.
g3 Nf2 29.Bf3 Re8 30.Rdf7 Nxe4 31.Bxe4 Rxe4 32.Rxf6 Re1+ 33.Kb2 Re2+ 34.
Ka3 b5 35.Rg8+ Kb7 36.Kb4 Rc2 37.a3 Ra2 38.Rgxg6 a5+ 39.Kxb5 Rxa3 40.Kc4 
a4 41.bxa4 R7xa4+ 42.Kd5 Re3 43.Re6 Ra5+ 44.Kd4 Rb3 45.Rc6 Raa3 46.f5 Rf3 
47.Ke4 Rae3+ 48.Kd4 Rd3+ 1/2-1/2

[Event "16th EUR-ch"]
[Site "Jerusalem ISR"]
[Date "2015.02.25"]
[Round "2"]
[White "Lukin, Elisha"]
[Black "Ben-Natan, Yigal"]
[Result "0-1"]
[WhiteElo "1721"]
[BlackElo "2138"]
[EventDate "2015.02.24"]
[PlyCount "58"]

1.d4 d5 2.c4 c6 3.Nf3 Nf6 4.e3 Bf5 5.Nc3 e6 6.Nh4 Be4 7.f3 Bg6 8.Nxg6 hxg6
9.e4 dxe4 10.fxe4 Bb4 11.Bg5 Bxc3+ 12.bxc3 Qa5 13.e5 Ne4 14.Bd2 Qd8 15.Qg4
Nxd2 16.Kxd2 c5 17.h4 cxd4 18.cxd4 Nc6 19.Ke3 Qb6 20.c5 Qb4 21.Qe4 Qc3+ 
22.Bd3 O-O-O 23.Rac1 Qxd4+ 24.Qxd4 Rxd4 25.Be4 Rhd8 26.Rc2 Nxe5 27.Rhc1 
Ng4+ 28.Kf3 f5 29.Re1 Ne5+ 0-1

[Event "16th EUR-ch"]
[Site "Jerusalem ISR"]
[Date "2015.02.25"]
[Round "2"]
[White "Vaisberg, Michael"]
[Black "Abend, Ilay"]
[Result "1-0"]
[WhiteElo "2136"]
[BlackElo "1725"]
[EventDate "2015.02.24"]
[PlyCount "109"]

1.d4 Nf6 2.c4 e6 3.Nf3 b6 4.g3 Bb7 5.Bg2 d5 6.Ne5 Nbd7 7.Qa4 c5 8.cxd5 
exd5 9.Bg5 Be7 10.Bh3 Bc8 11.Nc6 Qc7 12.Nxe7 Kxe7 13.Nc3 Qb7 14.Bg2 Ke6 
15.O-O h6 16.Bxf6 Nxf6 17.dxc5 bxc5 18.Nxd5 Nxd5 19.Rfd1 Rd8 20.Qc4 Rb8 
21.b3 Ke5 22.f4+ Kf6 23.Bxd5 Qe7 24.e4 Bg4 25.e5+ Kg6 26.Be4+ Kh5 27.Rxd8 
Rxd8 28.Bd5 g6 29.Rc1 Qd7 30.Bg2 Qd2 31.Qxc5 Qe2 32.Qf2 Qxf2+ 33.Kxf2 Rd2+
34.Kg1 g5 35.h3 Be6 36.f5 Bxf5 37.g4+ Bxg4 38.hxg4+ Kxg4 39.Rc7 Kg3 40.Bf1
Rf2 41.Rc3+ Rf3 42.Rxf3+ Kxf3 43.Bc4 Ke4 44.Bxf7 Kxe5 45.Bh5 Kd4 46.Kf2 a5
47.Kf3 Kc3 48.Bf7 Kb2 49.a4 Kc3 50.Kg4 Kd4 51.Kh5 Ke5 52.Be8 Kd6 53.Bb5 
Ke6 54.Be2 Kd6 55.Kxh6 1-0

[Event "16th EUR-ch"]
[Site "Jerusalem ISR"]
[Date "2015.02.25"]
[Round "2"]
[White "Kochavi, Ori"]
[Black "Bar, Aviv"]
[Result "0-1"]
[WhiteElo "1607"]
[BlackElo "2130"]
[EventDate "2015.02.24"]
[PlyCount "82"]

1.e4 c5 2.Nf3 d6 3.d4 cxd4 4.Nxd4 Nf6 5.Nc3 a6 6.Be2 e5 7.Nf3 Be7 8.Bg5 
Nbd7 9.a4 b6 10.O-O Bb7 11.Bd3 O-O 12.Qe2 h6 13.Bh4 Qc7 14.Bxf6 Nxf6 15.
Rfd1 Rfc8 16.Rac1 Qc5 17.Na2 b5 18.b4 Qc6 19.c4 bxc4 20.Rxc4 Qxa4 21.Nc3 
Qa3 22.Nb1 Qb3 23.Nbd2 Qa4 24.Rdc1 Rxc4 25.Rxc4 Rc8 26.Rxc8+ Bxc8 27.b5 
axb5 28.Bxb5 Qa1+ 29.Nf1 Bb7 30.Bd3 Bd8 31.Nd2 Bb6 32.Nc4 Bc5 33.Qc2 Qd4 
34.Ng3 Ng4 35.Nh1 d5 36.h3 dxc4 37.Bxc4 Bxe4 38.Qa2 Qd1+ 39.Bf1 Nh2 40.
Kxh2 Qxf1 41.f3 Bxf3 0-1

[Event "16th EUR-ch"]
[Site "Jerusalem ISR"]
[Date "2015.02.25"]
[Round "2"]
[White "Fainman, Tomer"]
[Black "Pogosian, Vladimir"]
[Result "0-1"]
[WhiteElo "1571"]
[BlackElo "2124"]
[EventDate "2015.02.24"]
[PlyCount "96"]

1.d4 Nf6 2.Nf3 d6 3.Bg5 Ne4 4.Bf4 g6 5.Nbd2 Nf6 6.e4 Bg7 7.h3 O-O 8.Bc4 c6
9.Bb3 a5 10.c3 b5 11.a3 Ba6 12.e5 dxe5 13.Bxe5 a4 14.Ba2 Nbd7 15.Bh2 Nb6 
16.Ne5 Qc8 17.Qf3 Bb7 18.O-O c5 19.Qe2 c4 20.Bb1 Nbd5 21.Ne4 Nxe4 22.Bxe4 
Ra6 23.f4 f6 24.Nf3 Re6 25.Bxd5 Bxd5 26.Qd2 Qb7 27.Qf2 Ra8 28.Rfe1 Raa6 
29.Rxe6 Rxe6 30.Re1 Rxe1+ 31.Nxe1 Be4 32.Qe3 Kf7 33.Nf3 h6 34.Kf2 e6 35.
Bg3 Bf8 36.Bh2 Qd5 37.g4 Be7 38.h4 h5 39.g5 Bxf3 40.Qxf3 Qf5 41.Qe2 fxg5 
42.hxg5 Bxg5 43.Qf3 Bh4+ 44.Kf1 Qb1+ 45.Kg2 Qc2+ 46.Kh3 Be7 47.Qg2 Qd3+ 
48.Qg3 h4 0-1

[Event "16th EUR-ch"]
[Site "Jerusalem ISR"]
[Date "2015.02.25"]
[Round "2"]
[White "Henseler, Jorgen"]
[Black "Yaniv, Ori"]
[Result "1-0"]
[WhiteElo "2123"]
[BlackElo "1579"]
[EventDate "2015.02.24"]
[PlyCount "61"]

1.d4 Nf6 2.c4 g6 3.Nc3 d5 4.cxd5 Nxd5 5.e4 Nxc3 6.bxc3 Bg7 7.Nf3 c5 8.Rb1 
O-O 9.Be2 b6 10.O-O Nd7 11.e5 Bb7 12.Be3 Qc8 13.Qb3 e6 14.Rfd1 Ba6 15.Bb5 
Bxb5 16.Qxb5 Qc7 17.h4 Rfc8 18.Rbc1 Qc6 19.Qe2 Bf8 20.h5 Kg7 21.Bg5 Re8 
22.Qe3 Be7 23.Qf4 Bxg5 24.Nxg5 Rf8 25.h6+ Kg8 26.dxc5 f6 27.Rd6 Qxc5 28.
Nxe6 Qxe5 29.Rxd7 Qxe6 30.Rg7+ Kh8 31.Qc7 1-0

[Event "16th EUR-ch"]
[Site "Jerusalem ISR"]
[Date "2015.02.26"]
[Round "3"]
[White "Laznicka, Viktor"]
[Black "Goganov, Aleksey"]
[Result "1/2-1/2"]
[WhiteElo "2670"]
[BlackElo "2605"]
[EventDate "2015.02.24"]
[PlyCount "71"]

1.c4 c5 2.b3 Nc6 3.Bb2 e5 4.Nf3 d6 5.e3 g6 6.d4 exd4 7.exd4 Bg7 8.Be2 Nge7
9.Qd2 O-O 10.d5 Ne5 11.Nxe5 dxe5 12.Bd3 b5 13.O-O bxc4 14.bxc4 Rb8 15.Bc3 
Bf5 16.Na3 Bxd3 17.Qxd3 e4 18.Qc2 Bxc3 19.Qxc3 Nf5 20.Nc2 Qb6 21.f3 Qb2 
22.Qxb2 Rxb2 23.fxe4 Nd6 24.Ne1 Nxe4 25.Nd3 Rb6 26.Rf4 f5 27.g4 Ra6 28.
gxf5 gxf5 29.Raf1 Ra3 30.Ne5 Rxa2 31.Rxf5 Rxf5 32.Rxf5 Rc2 33.Rf3 Nd6 34.
Ra3 Nxc4 35.Nxc4 Rxc4 36.Rxa7 1/2-1/2

[Event "16th EUR-ch"]
[Site "Jerusalem ISR"]
[Date "2015.02.26"]
[Round "3"]
[White "Vovk, Yuri"]
[Black "Gajewski, Grzegorz"]
[Result "1-0"]
[WhiteElo "2588"]
[BlackElo "2646"]
[EventDate "2015.02.24"]
[PlyCount "91"]

1.d4 Nf6 2.c4 e6 3.Nf3 d5 4.Nc3 Bb4 5.cxd5 exd5 6.Bg5 h6 7.Bh4 Bf5 8.Qa4+ 
Nc6 9.e3 g5 10.Bg3 O-O 11.Bb5 Bxc3+ 12.bxc3 Ne7 13.O-O c6 14.Be2 b5 15.Qa3
Ne4 16.Ne5 f6 17.Nd3 a5 18.Nc5 a4 19.Nxe4 Bxe4 20.Qc5 Qd7 21.Rae1 Bg6 22.
f3 Nf5 23.Bf2 Nd6 24.Bg3 Nf5 25.Bf2 Nd6 26.Bg3 Nf5 27.Bf2 Qd6 28.e4 Qxc5 
29.dxc5 dxe4 30.fxe4 Ng7 31.Bd4 Ne6 32.Bg4 Rae8 33.Bxf6 Nxc5 34.Bd4 Nd3 
35.Rxf8+ Rxf8 36.Re3 Nc1 37.e5 Nxa2 38.Bc5 Nc1 39.Bd7 Nd3 40.Bxf8 Kxf8 41.
Bxc6 a3 42.Bd5 Ke7 43.g3 Nb2 44.Rf3 Nc4 45.Bxc4 bxc4 46.Rf6 1-0

[Event "16th EUR-ch"]
[Site "Jerusalem ISR"]
[Date "2015.02.26"]
[Round "3"]
[White "Volokitin, Andrei"]
[Black "Grigoryan, Karen"]
[Result "1/2-1/2"]
[WhiteElo "2646"]
[BlackElo "2596"]
[EventDate "2015.02.24"]
[PlyCount "39"]

1.e4 g6 2.d4 Bg7 3.Nc3 d6 4.Nf3 Nf6 5.Be2 O-O 6.O-O c6 7.h3 Qc7 8.e5 dxe5 
9.dxe5 Rd8 10.Bd3 Nd5 11.Nxd5 cxd5 12.Bf4 Nc6 13.Re1 Qb6 14.Qc1 Nd4 15.
Nxd4 Qxd4 16.Be3 Qxe5 17.Bb6 Qd6 18.Bxd8 Qxd8 19.c3 e6 20.Qf4 1/2-1/2

[Event "16th EUR-ch"]
[Site "Jerusalem ISR"]
[Date "2015.02.26"]
[Round "3"]
[White "Najer, Evgeniy"]
[Black "Hovhannisyan, Robert"]
[Result "1-0"]
[WhiteElo "2634"]
[BlackElo "2592"]
[EventDate "2015.02.24"]
[PlyCount "75"]

1.d4 d5 2.c4 c6 3.Nc3 Nf6 4.e3 e6 5.Nf3 Nbd7 6.Qc2 Bd6 7.Bd3 e5 8.cxd5 
cxd5 9.Nb5 Bb8 10.dxe5 Nxe5 11.Bd2 Nxd3+ 12.Qxd3 O-O 13.Bc3 Ne4 14.Rd1 a6 
15.Nbd4 Re8 16.Ne2 Bg4 17.h3 Be6 18.O-O Qd7 19.Be5 Bxh3 20.Bxb8 Raxb8 21.
gxh3 Qxh3 22.Nh2 Re5 23.Nf4 Qh4 24.Qe2 Nf6 25.Rd4 Rg5+ 26.Kh1 Re8 27.Ne6 
Qh5 28.Qxh5 Rxh5 29.Nf4 Rf5 30.Rc1 g5 31.Nd3 Re7 32.Nf1 Ne4 33.Kg2 g4 34.
Ng3 Rg5 35.Nxe4 Rxe4 36.Rxe4 dxe4 37.Rc5 Rg6 38.Nf4 1-0

[Event "16th EUR-ch"]
[Site "Jerusalem ISR"]
[Date "2015.02.26"]
[Round "3"]
[White "Nabaty, Tamir"]
[Black "Lupulescu, Constantin"]
[Result "0-1"]
[WhiteElo "2585"]
[BlackElo "2626"]
[EventDate "2015.02.24"]
[PlyCount "104"]

1.c4 e6 2.Nc3 d5 3.d4 Bb4 4.cxd5 exd5 5.Bf4 c6 6.e3 Ne7 7.Bd3 Bf5 8.Ne2 
Bd6 9.Bxf5 Nxf5 10.Qb3 Qe7 11.O-O-O Bxf4 12.Nxf4 O-O 13.Rhe1 Na6 14.f3 
Rad8 15.Qc2 Nd6 16.e4 dxe4 17.fxe4 Nc7 18.Kb1 Ndb5 19.d5 Nxc3+ 20.Qxc3 
Rfe8 21.g3 cxd5 22.exd5 Nb5 23.Qa5 Qd7 24.a3 b6 25.Qb4 Nd6 26.Ka2 g6 27.
Rxe8+ Rxe8 28.Rc1 Rc8 29.Rxc8+ Nxc8 30.Qd4 Qd6 31.Ne2 Qe7 32.Nc3 Nd6 33.
Qb4 Qd7 34.Ne4 Nxe4 35.Qxe4 f6 36.b4 Kf7 37.Kb3 Qd6 38.Qc4 Ke7 39.g4 Qxh2 
40.Ka4 Qd6 41.Kb5 Qd7+ 42.Ka6 h5 43.gxh5 gxh5 44.Qe2+ Kd6 45.Qxh5 f5 46.
Qd1 Ke5 47.d6 b5 48.Ka5 Qxd6 49.Qe1+ Kf6 50.Qh4+ Kg6 51.Kxb5 Qd3+ 52.Kc6 
Qe4+ 0-1

[Event "16th EUR-ch"]
[Site "Jerusalem ISR"]
[Date "2015.02.26"]
[Round "3"]
[White "Beliavsky, Alexander"]
[Black "Mchedlishvili, Mikheil"]
[Result "1/2-1/2"]
[WhiteElo "2623"]
[BlackElo "2586"]
[EventDate "2015.02.24"]
[PlyCount "66"]

1.d4 Nf6 2.c4 e6 3.Nf3 d5 4.Nc3 Bb4 5.Bg5 h6 6.Bxf6 Qxf6 7.a3 Bxc3+ 8.bxc3
O-O 9.e3 c5 10.Be2 dxc4 11.O-O Qe7 12.Bxc4 Nc6 13.Re1 Rd8 14.Qd3 b6 15.
Rad1 Bb7 16.Ba2 Qf6 17.h4 Ne7 18.e4 cxd4 19.cxd4 Ng6 20.g3 Rac8 21.h5 Nf8 
22.Re3 Rc5 23.d5 e5 24.Kg2 Bc8 25.Rh1 Nh7 26.Bb3 Qd6 27.Nd2 Nf6 28.Ree1 
Qc7 29.Qb1 Ba6 30.Ba4 Bb7 31.Bb3 Ba6 32.Ba4 Bb7 33.Bb3 Ba6 1/2-1/2

[Event "16th EUR-ch"]
[Site "Jerusalem ISR"]
[Date "2015.02.26"]
[Round "3"]
[White "Grandelius, Nils"]
[Black "Kanmazalp, Ogulcan"]
[Result "1/2-1/2"]
[WhiteElo "2609"]
[BlackElo "2457"]
[EventDate "2015.02.24"]
[PlyCount "59"]

1.Nf3 c5 2.c4 Nc6 3.Nc3 g6 4.e3 Nf6 5.d4 cxd4 6.exd4 d5 7.cxd5 Nxd5 8.Qb3 
Nxc3 9.Bc4 Nd5 10.Bxd5 e6 11.Bxc6+ bxc6 12.O-O Qd5 13.Be3 Be7 14.Rfc1 f6 
15.Nd2 Kf7 16.Rc3 a5 17.Qc2 a4 18.Ne4 Ba6 19.Nc5 Bb5 20.Re1 Qxa2 21.Bc1 
Bxc5 22.dxc5 Rad8 23.Rf3 Qc4 24.Qxc4 Bxc4 25.Bg5 f5 26.Rf4 Bb3 27.Bxd8 
Rxd8 28.Rb4 Rd2 29.Rb1 Rc2 30.Rb7+ 1/2-1/2

[Event "16th EUR-ch"]
[Site "Jerusalem ISR"]
[Date "2015.02.26"]
[Round "3"]
[White "Vallejo Pons, Francisco"]
[Black "Iordachescu, Viorel"]
[Result "1/2-1/2"]
[WhiteElo "2706"]
[BlackElo "2590"]
[EventDate "2015.02.24"]
[PlyCount "69"]

1.d4 Nf6 2.c4 e6 3.Nc3 c5 4.d5 exd5 5.cxd5 d6 6.Nf3 g6 7.h3 a6 8.a4 Qe7 9.
Bf4 Nbd7 10.e3 Bg7 11.Be2 O-O 12.O-O Ne8 13.Re1 Rb8 14.Qc2 b6 15.Rad1 h6 
16.e4 g5 17.Bh2 Ne5 18.Bxe5 Bxe5 19.Nxe5 Qxe5 20.Nb1 b5 21.axb5 axb5 22.
Nd2 Nf6 23.Bf1 Re8 24.Nf3 Qf4 25.Re3 Nd7 26.b4 c4 27.Nd4 Ne5 28.Ra1 Qf6 
29.Ra5 Bd7 30.Ra7 Re7 31.Qc3 Bc8 32.Ra5 Bd7 33.Ra7 Bc8 34.Ra5 Bd7 35.Ra7 
1/2-1/2

[Event "16th EUR-ch"]
[Site "Jerusalem ISR"]
[Date "2015.02.26"]
[Round "3"]
[White "Potkin, Vladimir"]
[Black "Matlakov, Maxim"]
[Result "1/2-1/2"]
[WhiteElo "2605"]
[BlackElo "2695"]
[EventDate "2015.02.24"]
[PlyCount "61"]

1.d4 Nf6 2.c4 e6 3.Nf3 d5 4.Nc3 Bb4 5.cxd5 exd5 6.Bg5 h6 7.Bh4 c5 8.dxc5 
Nbd7 9.e3 Qa5 10.Qd4 O-O 11.a3 Bxc3+ 12.Qxc3 Qxc3+ 13.bxc3 Ne4 14.Nd4 g5 
15.Bg3 Ndxc5 16.f3 Nxg3 17.hxg3 Kg7 18.g4 f5 19.gxf5 Bxf5 20.c4 Rae8 21.
Kd2 Ne6 22.cxd5 Nxd4 23.exd4 Bg6 24.Bd3 Rf4 25.Bxg6 Kxg6 26.Kd3 Rd8 27.
Rae1 Rxd5 28.Re6+ Kf7 29.Rhxh6 Rdxd4+ 30.Ke2 g4 31.Rd6 1/2-1/2

[Event "16th EUR-ch"]
[Site "Jerusalem ISR"]
[Date "2015.02.26"]
[Round "3"]
[White "Moiseenko, Alexander"]
[Black "Huzman, Alexander"]
[Result "1-0"]
[WhiteElo "2695"]
[BlackElo "2582"]
[EventDate "2015.02.24"]
[PlyCount "63"]

1.d4 d5 2.c4 e6 3.Nc3 Nf6 4.Bg5 Be7 5.Nf3 h6 6.Bxf6 Bxf6 7.Qb3 c6 8.Rd1 
Nd7 9.e4 dxe4 10.Nxe4 Qa5+ 11.Rd2 Be7 12.Be2 Nf6 13.Nxf6+ Bxf6 14.O-O O-O 
15.Qe3 Qc7 16.c5 b6 17.Rc1 Rd8 18.Bd3 Bb7 19.Be4 bxc5 20.Rxc5 Rd6 21.g3 
Rad8 22.b4 R8d7 23.Qc3 Qb6 24.a3 g6 25.h4 Kg7 26.h5 g5 27.Ne5 Bxe5 28.Rxe5
Rxd4 29.Rc5 Qd8 30.b5 Qf6 31.bxc6 Rxd2 32.Rxg5+ 1-0

[Event "16th EUR-ch"]
[Site "Jerusalem ISR"]
[Date "2015.02.26"]
[Round "3"]
[White "Marin, Mihail"]
[Black "Cheparinov, Ivan"]
[Result "1/2-1/2"]
[WhiteElo "2603"]
[BlackElo "2681"]
[EventDate "2015.02.24"]
[PlyCount "101"]

1.Nf3 d5 2.g3 g6 3.Bg2 Bg7 4.O-O e5 5.d3 Ne7 6.e4 O-O 7.c3 Nbc6 8.b4 a6 9.
Bb2 Bg4 10.h3 Bxf3 11.Bxf3 d4 12.a3 dxc3 13.Nxc3 Qd7 14.Bg2 Rad8 15.Qb3 
Nd4 16.Qa2 h5 17.Nd5 Nxd5 18.exd5 h4 19.Bxd4 exd4 20.gxh4 Qf5 21.Qe2 Rfe8 
22.Qf3 Qe5 23.Qg3 Qe7 24.Be4 Rd6 25.Kh1 f5 26.Bf3 Be5 27.Qg5 Qxg5 28.hxg5 
Bf4 29.h4 Rd7 30.Kg2 Rh7 31.Rh1 Kf7 32.Rh3 Reh8 33.Rah1 Bd2 34.Kg3 Ke8 35.
h5 Bxg5 36.hxg6 Rxh3+ 37.Rxh3 Rxh3+ 38.Kxh3 b6 39.d6 cxd6 40.Bd5 Kf8 41.
Be6 b5 42.Bxf5 Bc1 43.Bc8 Kg7 44.Bxa6 Bxa3 45.Bxb5 Bxb4 46.Be8 d5 47.Kg4 
Be7 48.Kf5 Bf6 49.Ke6 Bh4 50.f4 Bf6 51.Kxd5 1/2-1/2

[Event "16th EUR-ch"]
[Site "Jerusalem ISR"]
[Date "2015.02.26"]
[Round "3"]
[White "Sjugirov, Sanan"]
[Black "Jojua, Davit"]
[Result "1-0"]
[WhiteElo "2678"]
[BlackElo "2579"]
[EventDate "2015.02.24"]
[PlyCount "133"]

1.d4 d5 2.c4 e6 3.Nf3 Nf6 4.Nc3 Be7 5.Bf4 O-O 6.e3 Nbd7 7.c5 Ne4 8.Qc2 f5 
9.Ne5 Bf6 10.Nxd7 Bxd7 11.f3 Ng5 12.Bd3 c6 13.Bg3 Nf7 14.f4 Nh6 15.h3 Kh8 
16.Bf2 Ng8 17.g4 b5 18.O-O-O Qc8 19.Ne2 Bd8 20.Ng1 Nf6 21.Bh4 Ne4 22.Bxd8 
Qxd8 23.Nf3 a5 24.Rdg1 Ra7 25.Rg2 Be8 26.Rhg1 Qf6 27.Qe2 Qd8 28.Qe1 Qf6 
29.Ne5 Qd8 30.h4 Rg8 31.h5 Rf8 32.Qe2 Kg8 33.Qf3 Rf6 34.Qh3 Rf8 35.Kb1 Rc7
36.Ka1 a4 37.Kb1 a3 38.b3 Ra7 39.Bxe4 dxe4 40.Qg3 Qa5 41.Qf2 Qd8 42.Qe1 
fxg4 43.h6 Rf5 44.Rxg4 g6 45.Rg5 Kh8 46.Qd2 Qd5 47.Qg2 Ra8 48.Rd1 Qd8 49.
Kc2 Rc8 50.Rg1 Qd5 51.Qh2 Ra8 52.Qh4 Qd8 53.Kb1 Kg8 54.Qh1 Qd5 55.Ng4 Bd7 
56.Rxf5 Qxf5 57.Ne5 Be8 58.Rg5 Qf8 59.Ng4 Bd7 60.Ne5 Be8 61.Kc1 Rd8 62.
Qxe4 Rd5 63.Ng4 Rxg5 64.fxg5 Qf1+ 65.Kd2 Bd7 66.Qf4 Qg2+ 67.Nf2 1-0

[Event "16th EUR-ch"]
[Site "Jerusalem ISR"]
[Date "2015.02.26"]
[Round "3"]
[White "Melkumyan, Hrant"]
[Black "Stefansson, Hannes"]
[Result "0-1"]
[WhiteElo "2673"]
[BlackElo "2573"]
[EventDate "2015.02.24"]
[PlyCount "120"]

1.d4 d5 2.c4 c6 3.Nf3 Nf6 4.Nc3 e6 5.g3 dxc4 6.Bg2 Nbd7 7.O-O Be7 8.e4 O-O
9.Bf4 Re8 10.a4 b6 11.Qe2 a5 12.Rfd1 Ba6 13.Nd2 Rc8 14.Nxc4 Nd5 15.Bd2 Nb4
16.Rac1 Bf8 17.Be3 Qc7 18.b3 b5 19.axb5 cxb5 20.Bf4 Qa7 21.Nd6 Bxd6 22.
Bxd6 Nc6 23.Qe3 b4 24.Na4 e5 25.dxe5 Qxe3 26.fxe3 Ncxe5 27.Rc7 Bb5 28.Bh3 
Rcd8 29.Nb2 Nf6 30.Bxe5 Rxd1+ 31.Nxd1 Rxe5 32.Nf2 g6 33.Ra7 Be2 34.Bf1 
Bxf1 35.Kxf1 Nxe4 36.Nxe4 Rxe4 37.Ke2 Re5 38.Kd3 Rc5 39.h4 h5 40.Ke2 Kg7 
41.Ra6 Rc3 42.Rxa5 Rxb3 43.Rb5 Rb1 44.Kf3 Kf6 45.Ke4 b3 46.Rb6+ Ke7 47.
Rb7+ Ke6 48.Rb6+ Kd7 49.Rb7+ Kc6 50.Rxf7 Rd1 51.Rf2 Kc5 52.Ke5 Rd6 53.Rb2 
Rb6 54.g4 hxg4 55.Kf4 Kc4 56.Kxg4 Kc3 57.Rb1 b2 58.e4 Kc2 59.Rh1 b1=Q 60.
Rxb1 Kxb1 0-1